| 000 | 01002nam a22003137a 4500 | ||
|---|---|---|---|
| 003 | CHAP | ||
| 005 | 20220329135125.0 | ||
| 008 | 971013s1969 r 00010 d | ||
| 010 | _a31306 | ||
| 011 | _a32278 | ||
| 035 | _a36391 | ||
| 040 | _cCHAP | ||
| 090 | _aTesis | ||
| 100 | 0 | 0 |
_aCoutiño Arrazola, Eduardo. _928667 |
| 245 | _aComparación de métodos para el cálculo del incremento en bosques de coníferas | ||
| 260 |
_aChapingo, Méx. : _bEl autor, _c1969 |
||
| 300 |
_a118 h. _b: ilus. |
||
| 502 | _aTesis (Ing. Agr. Esp. en Fitotecnia.) -- ENA | ||
| 590 |
_aALEPH _b10 _c20130110 _lUCH01 _h1253 |
||
| 590 |
_aBATCH-UPD _b10 _c20130110 _lUCH01 _h2118 |
||
| 590 |
_aBATCH-UPD _b10 _c20130410 _lUCH01 _h1429 |
||
| 590 |
_aBATCH-UPD _b10 _c20130914 _lUCH01 _h0711 |
||
| 590 |
_aCONVERSION _b10 _c20130109 _lUCH01 _h1318 |
||
| 650 | 1 | 4 |
_aBosques _xIncrementos. _914234 |
| 901 | _aBK | ||
| 942 | _cFOLL | ||
| 949 |
_bBC _cTES _d-83903 _eTS1 _i36391 _si |
||
| 949 |
_bBC _cTES _d-83906 _eTS2 _fc.2 _i36391 _si |
||
| 999 |
_c31306 _d31306 |
||